000 00581nam a2200145 a 4500
008 120416s0000 ||||||||||||||||| || u
020 _a8120401778
050 _aTN 153 Str
100 _aGhose, Ajoy K
245 1 0 _aStrategies for Exploitation of mineral resources in developing countries
_cedited by Ajoy K. Goose
260 _aNew Delhi
_bOxford & IBH Publishing Co
_c1987
300 _a(viii), 286p. : ill.
350 _a0.00
995 _D0.00
_FCBU-MAIN LIBRARY (Kitwe)
_H1
_I0.00
_UAVAILABLE
_ZAnnex Low-Usage Collection
999 _c58568
_d58568